[Event "Africa-ch Blitz"]
[Site "Casablanca"]
[Date "2019.08.28"]
[Round "7.7"]
[White "Aderito, Pedro"]
[Black "Mushore, Emarald Takudzwa"]
[Result "1-0"]
[WhiteElo "2295"]
[BlackElo "2198"]
[PlyCount "45"]
[EventDate "2019.08.28"]
[EventType "swiss (blitz)"]
[EventRounds "9"]
[EventCountry "MAR"]
[SourceTitle "EXT 2024"]
[Source "ChessBase"]
[SourceDate "2023.10.10"]
[SourceVersion "1"]
[SourceVersionDate "2023.10.10"]
[SourceQuality "1"]

1. Nf3 Nf6 2. g3 b5 3. Bg2 Bb7 4. 0-0 e6 5. d3 d5 6. a4 b4 7. Nbd2 Be7 8. Re1 0-0 9. e4 c5 10. e5 Nfd7 11. h4 Nc6 12. c3 Qb6 13. Nf1 d4 14. c4 Rfe8 15. N1h2 Nf8 16. h5 Rad8 17. Ng4 Kh8 18. Ng5 Bxg5 19. Bxg5 Rd7 20. h6 Nd8 21. hxg7+ Kxg7 22. Bf6+ Kg6 23. Qd2 1-0

[Event "Africa-ch Blitz"]
[Site "Casablanca"]
[Date "2019.08.28"]
[Round "2.11"]
[White "Aderito, Pedro"]
[Black "Traore, Bakary"]
[Result "1-0"]
[WhiteElo "2295"]
[BlackElo "2083"]
[PlyCount "87"]
[EventDate "2019.08.28"]
[EventType "swiss (blitz)"]
[EventRounds "9"]
[EventCountry "MAR"]
[SourceTitle "EXT 2024"]
[Source "ChessBase"]
[SourceDate "2023.10.10"]
[SourceVersion "1"]
[SourceVersionDate "2023.10.10"]
[SourceQuality "1"]

1. Nf3 Nf6 2. g3 g6 3. Bg2 Bg7 4. 0-0 0-0 5. c4 d6 6. Nc3 Nbd7 7. d4 e5 8. e4 c6 9. Qc2 Re8 10. Rd1 Qb6 11. h3 exd4 12. Nxd4 Ne5 13. b3 Nh5 14. Be3 Qc7 15. Rac1 a5 16. Qd2 Bf8 17. f4 Nd7 18. g4 Nhf6 19. Bf2 Nc5 20. Re1 a4 21. b4 Ne6 22. Nde2 Nd7 23. f5 Ng7 24. a3 Ne5 25. Nd1 b6 26. Qe3 c5 27. b5 Bb7 28. Nb2 f6 29. Nc3 g5 30. Qg3 h6 31. h4 Qf7 32. Bf1 Rab8 33. Ncxa4 Ra8 34. Nxb6 gxh4 35. Qxh4 Rxa3 36. Bg2 Rb8 37. Nd5 Bxd5 38. exd5 Rba8 39. Be3 Rb3 40. Nd1 Ra4 41. Bxh6 Rbb4 42. Rc3 Rxc4 43. Rxc4 Rxc4 44. Ne3 1-0

[Event "Africa-ch Blitz"]
[Site "Casablanca"]
[Date "2019.08.28"]
[Round "6.10"]
[White "Elarbi, Abobker"]
[Black "Aderito, Pedro"]
[Result "0-1"]
[WhiteElo "2200"]
[BlackElo "2295"]
[PlyCount "53"]
[EventDate "2019.08.28"]
[EventType "swiss (blitz)"]
[EventRounds "9"]
[EventCountry "MAR"]
[SourceTitle "EXT 2024"]
[Source "ChessBase"]
[SourceDate "2023.10.10"]
[SourceVersion "1"]
[SourceVersionDate "2023.10.10"]
[SourceQuality "1"]

1. d4 Nf6 2. Nf3 g6 3. g3 Bg7 4. Bg2 0-0 5. 0-0 d6 6. c4 Nc6 7. Nc3 a6 8. d5 Na5 9. Qd3 c5 10. dxc6 Nxc6 11. a3 Be6 12. b3 Bf5 13. Qe3 Na5 14. Nd4 Ng4 15. Qd2 Bxd4 16. Qxd4 Nxb3 17. Qd1 Nxa1 18. e4 Be6 19. h3 Ne5 20. Bh6 Bxc4 21. Qxa1 Bxf1 22. Kxf1 Re8 23. f4 Nc4 24. Nd5 f6 25. Qd4 Rc8 26. h4 Qd7 27. Kg1 0-1

[Event "Africa-ch Blitz"]
[Site "Casablanca"]
[Date "2019.08.28"]
[Round "9.5"]
[White "Tissir, Mohamed"]
[Black "Aderito, Pedro"]
[Result "0-1"]
[WhiteElo "2439"]
[BlackElo "2295"]
[PlyCount "112"]
[EventDate "2019.08.28"]
[EventType "swiss (blitz)"]
[EventRounds "9"]
[EventCountry "MAR"]
[SourceTitle "EXT 2024"]
[Source "ChessBase"]
[SourceDate "2023.10.10"]
[SourceVersion "1"]
[SourceVersionDate "2023.10.10"]
[SourceQuality "1"]

1. e4 c5 2. Nc3 Nc6 3. Bb5 Nd4 4. Bc4 e6 5. Nge2 Qc7 6. 0-0 Nf6 7. d3 a6 8. Nxd4 cxd4 9. Ne2 Nxe4 10. Nxd4 Nf6 11. Bb3 Bd6 12. h3 Be7 13. Nf3 d5 14. Re1 0-0 15. Ne5 Bd6 16. d4 Ne4 17. f3 Nf6 18. c3 Nd7 19. f4 f6 20. Nd3 Nb6 21. Bc2 g6 22. Qf3 Bd7 23. a4 a5 24. Kh1 Rae8 25. Qe2 Kh8 26. Bd2 Nc4 27. Bc1 b5 28. axb5 Bxb5 29. Ba4 Bxa4 30. Rxa4 Qb6 31. Qc2 Qb5 32. Ra1 Nb6 33. Be3 Nc4 34. Bg1 Rf7 35. Re2 Rfe7 36. Rae1 a4 37. Nc5 Bxc5 38. dxc5 e5 39. fxe5 fxe5 40. Qc1 e4 41. Bd4+ Kg8 42. Qg5 Qc6 43. Rf2 e3 44. Rf6 Re6 45. Rf3 e2 46. Qh6 Qd7 47. c6 Qc7 48. Qg5 Qxc6 49. Qf4 Qd7 50. g4 Nxb2 51. Kg2 a3 52. Kg3 a2 53. Rxe2 Rxe2 54. Qf6 Qc7+ 55. Kh4 Qe7 56. Qxe7 R8xe7 0-1

[Event "Africa-ch Blitz"]
[Site "Casablanca"]
[Date "2019.08.28"]
[Round "1.12"]
[White "Winston Gerald, Mansfield Thomas"]
[Black "Aderito, Pedro"]
[Result "0-1"]
[WhiteElo "1872"]
[BlackElo "2295"]
[PlyCount "100"]
[EventDate "2019.08.28"]
[EventType "swiss (blitz)"]
[EventRounds "9"]
[EventCountry "MAR"]
[SourceTitle "EXT 2024"]
[Source "ChessBase"]
[SourceDate "2023.10.10"]
[SourceVersion "1"]
[SourceVersionDate "2023.10.10"]
[SourceQuality "1"]

1. e4 c5 2. Nf3 Nc6 3. d4 cxd4 4. Nxd4 Nf6 5. Nc3 d6 6. Be3 e5 7. Nb3 Be7 8. f3 Be6 9. Qd2 0-0 10. 0-0-0 a5 11. a3 a4 12. Na1 Qa5 13. Nd5 Qxd2+ 14. Rxd2 Bxd5 15. exd5 Na5 16. c4 Rfc8 17. Rc2 Nd7 18. Bd3 g6 19. Rc3 f5 20. Kd2 Bf6 21. Rc2 Nc5 22. Be2 Rc7 23. Bxc5 Rxc5 24. Rhc1 Bg5+ 25. Ke1 Bxc1 26. Rxc1 Rac8 27. Rc3 Nxc4 28. Bxc4 Rxc4 29. Rxc4 Rxc4 30. Kd2 Rc5 31. Nc2 Rxd5+ 32. Ke2 Rb5 33. Nb4 Kf7 34. g3 Ke6 35. f4 h6 36. Kd2 g5 37. Ke3 Rxb4 38. axb4 Kd5 39. Kd3 b5 40. h3 gxf4 41. gxf4 exf4 42. h4 h5 43. Kc3 Ke4 44. Kd2 f3 45. Ke1 Ke3 46. Kf1 f2 47. Kg2 f4 48. Kf1 d5 49. Kg2 Ke2 50. Kh3 f1Q+ 0-1

[Event "African-ch rapid"]
[Site "Casablanca"]
[Date "2019.08.27"]
[Round "8"]
[White "Mushore, Emarald Takudzwa"]
[Black "Aderito, Pedro"]
[Result "0-1"]
[WhiteElo "2198"]
[BlackElo "2301"]
[PlyCount "128"]
[EventDate "2019.08.26"]
[EventType "swiss (rapid)"]
[EventRounds "9"]
[EventCountry "MAR"]
[SourceTitle "EXT 2020"]
[Source "ChessBase"]
[SourceDate "2019.10.17"]
[SourceVersion "1"]
[SourceVersionDate "2019.10.17"]
[SourceQuality "1"]

1. e4 c5 2. Nf3 Nc6 3. d4 cxd4 4. Nxd4 Nf6 5. Nc3 d6 6. Nxc6 bxc6 7. e5 dxe5 8. Qxd8+ Kxd8 9. Bc4 e6 10. Bg5 Kc7 11. 0-0-0 Nd5 12. Ne4 h6 13. Bd2 a5 14. Rhe1 Be7 15. Ng3 f6 16. c3 a4 17. Nf1 Bd7 18. Kc2 Bd6 19. g3 g5 20. Bc1 h5 21. Nd2 g4 22. Ne4 Be7 23. Nd2 h4 24. Nf1 Be8 25. Be2 Bg6+ 26. Bd3 Bf7 27. Be4 Bc5 28. Re2 f5 29. Bxd5 cxd5 30. Rxe5 Bxf2 31. Bf4 Kc6 32. Be3 hxg3 33. hxg3 Bxe3 34. Rxe3 Rh1 35. Kd3 Kc5 36. Rde1 Rb8 37. Kc2 Rg1 38. Nd2 Rxe1 39. Rxe1 Rh8 40. Nf1 Kd6 41. Re2 Bg6 42. Kd2 Rh1 43. Ne3 e5 44. Re1 Rh3 45. Rg1 Rh2+ 46. Rg2 Rh1 47. Rf2 Ke6 48. Re2 Ra1 49. a3 Rg1 50. Rg2 Rb1 51. Nd1 Kf6 52. Rf2 Kg5 53. Re2 Kf6 54. Rf2 Kg7 55. Re2 Kf6 56. Rf2 Ke6 57. Rf1 Kf6 58. Rf2 Ra1 59. Ne3 Kg5 60. Nxd5 Rb1 61. Ke3 Rg1 62. c4 Rxg3+ 63. Kd2 Rb3 64. Kc1 f4 0-1

[Event "Africa-chT rapid"]
[Site "Casablanca"]
[Date "2019.08.25"]
[Round "8.5"]
[White "Aderito, Pedro"]
[Black "Hamdouchi, Hicham"]
[Result "1/2-1/2"]
[WhiteElo "2301"]
[BlackElo "2562"]
[PlyCount "140"]
[EventDate "2019.08.24"]
[EventType "team-swiss (rapid)"]
[EventRounds "9"]
[EventCountry "MAR"]
[SourceTitle "EXT 2020"]
[Source "ChessBase"]
[SourceDate "2019.10.17"]
[SourceVersion "1"]
[SourceVersionDate "2019.10.17"]
[SourceQuality "1"]
[WhiteTeam "Angola"]
[BlackTeam "Morocco"]
[WhiteTeamCountry "ANG"]
[BlackTeamCountry "MAR"]

1. e4 c5 2. Nf3 Nc6 3. Nc3 g6 4. Bb5 Bg7 5. Bxc6 dxc6 6. 0-0 e5 7. d3 Qe7 8. Re1 Nf6 9. a3 a5 10. b3 Nd7 11. Be3 b6 12. Qd2 0-0 13. h3 Re8 14. Nh2 Nf8 15. Na4 Rb8 16. b4 axb4 17. axb4 Ne6 18. bxc5 b5 19. Qb4 f5 20. exf5 gxf5 21. Nc3 Kh8 22. Ne2 Bf6 23. Kh1 Rg8 24. Ra3 Rb7 25. f4 Qg7 26. Rg1 exf4 27. Nxf4 Nxf4 28. Bxf4 Be6 29. d4 Bxd4 30. Rg3 Qf6 31. Nf3 Bc3 32. Rxg8+ Kxg8 33. Qa3 Rd7 34. Qa8+ Rd8 35. Qxc6 Bd5 36. Qxb5 Qe6 37. Ng5 Qh6 38. Qb6 Bf6 39. c4 Bxg5 40. Qxh6 Bxh6 41. Bxh6 Be4 42. Bg5 Rd3 43. Kh2 Rc3 44. Rc1 Ra3 45. Bf4 Ra2 46. Rg1 Rc2 47. Kg3 Kf7 48. Bd6 Ke6 49. h4 h5 50. Bf8 Ke5 51. Bg7+ Ke6 52. Bf8 Rxc4 53. Rf1 Rc3+ 54. Kf4 Bxg2 55. Rb1 Kf7 56. Rb8 Be4 57. Bd6 Ke6 58. Re8+ Kd5 59. Rh8 Bf3 60. Kxf5 Bg4+ 61. Kg5 Rc4 62. Rxh5 Bxh5 63. Kxh5 Ke6 64. Kg5 Kf7 65. h5 Rd4 66. Kf5 Rd5+ 67. Kg4 Kg7 68. Be7 Kf7 69. Bd6 Kg7 70. Be7 Kf7 1/2-1/2

[Event "Africa-chT rapid"]
[Site "Casablanca"]
[Date "2019.08.25"]
[Round "9.8"]
[White "Asante, Debesai Zerabruk"]
[Black "Aderito, Pedro"]
[Result "1/2-1/2"]
[WhiteElo "1712"]
[BlackElo "2301"]
[PlyCount "142"]
[EventDate "2019.08.24"]
[EventType "team-swiss (rapid)"]
[EventRounds "9"]
[EventCountry "MAR"]
[SourceTitle "EXT 2020"]
[Source "ChessBase"]
[SourceDate "2019.10.17"]
[SourceVersion "1"]
[SourceVersionDate "2019.10.17"]
[SourceQuality "1"]
[WhiteTeam "Eritrea"]
[BlackTeam "Angola"]
[WhiteTeamCountry "ERI"]
[BlackTeamCountry "ANG"]

1. e4 d6 2. d4 Nf6 3. Nc3 g6 4. Bc4 Bg7 5. Nge2 0-0 6. 0-0 e5 7. f3 c6 8. Be3 Nbd7 9. a4 exd4 10. Nxd4 d5 11. exd5 Nb6 12. Bb3 Nfxd5 13. Nxd5 Nxd5 14. Bf2 Qg5 15. h4 Qf6 16. Bxd5 cxd5 17. Re1 Bd7 18. Qd2 Rac8 19. c3 a6 20. Bg3 Rc4 21. a5 Rfc8 22. Re2 Qd8 23. Kh1 h5 24. Bf2 Bf6 25. g3 Kg7 26. Be3 R8c5 27. Bg5 Bxg5 28. Qxg5 Qxg5 29. hxg5 Kf8 30. Kg2 Ra4 31. Nb3 Rxa1 32. Nxc5 Bc6 33. b4 Rc1 34. Re3 Rc2+ 35. Kh3 Bb5 36. g4 Bf1+ 37. Kg3 Rg2+ 38. Kf4 hxg4 39. fxg4 Be2 40. Rg3 Rf2+ 41. Ke3 Rh2 42. Nxb7 Bc4 43. Kf4 Ke7 44. Re3+ Kd7 45. Ke5 Rg2 46. Nc5+ Kc6 47. Kf4 Rf2+ 48. Rf3 Rg2 49. Rg3 Rc2 50. Re3 Kb5 51. Ke5 Rg2 52. Kd6 Rxg4 53. Re7 Ba2 54. Rb7+ Kc4 55. Rxf7 Kxc3 56. Nxa6 Bc4 57. Rf3+ Kd2 58. Nc5 Be2 59. a6 Bxf3 60. Nb3+ Kc3 61. Nd4 Rh4 62. Nxf3 Rxb4 63. Kxd5 Ra4 64. Ke5 Rxa6 65. Nh4 Kd3 66. Nxg6 Rxg6 67. Kf5 Rg8 68. Kf6 Kd4 69. g6 Kd5 70. Kf7 Ra8 71. g7 Ke5 1/2-1/2

[Event "Africa-chT rapid"]
[Site "Casablanca"]
[Date "2019.08.24"]
[Round "2.1"]
[White "Aderito, Pedro"]
[Black "Adly, Ahmed"]
[Result "0-1"]
[WhiteElo "2301"]
[BlackElo "2636"]
[PlyCount "66"]
[EventDate "2019.08.24"]
[EventType "team-swiss (rapid)"]
[EventRounds "9"]
[EventCountry "MAR"]
[SourceTitle "EXT 2020"]
[Source "ChessBase"]
[SourceDate "2019.10.17"]
[SourceVersion "1"]
[SourceVersionDate "2019.10.17"]
[SourceQuality "1"]
[WhiteTeam "Angola"]
[BlackTeam "Egypt"]
[WhiteTeamCountry "ANG"]
[BlackTeamCountry "EGY"]

1. d4 f5 2. Nc3 Nf6 3. Bg5 d5 4. Bxf6 exf6 5. e3 c6 6. Bd3 Bd6 7. g3 Na6 8. a3 Qe7 9. Qf3 g6 10. h4 Nc7 11. Nge2 Bd7 12. h5 0-0-0 13. 0-0-0 Ne6 14. Nf4 Ng5 15. Qg2 Qg7 16. Nce2 Ne4 17. g4 fxg4 18. Bxe4 dxe4 19. hxg6 hxg6 20. Qxe4 g5 21. Nd3 f5 22. Qg2 f4 23. Nc3 f3 24. Qf1 Rxh1 25. Qxh1 Rh8 26. Qf1 Bc7 27. Nc5 g3 28. fxg3 g4 29. Nxd7 Qxd7 30. Qf2 Rh3 31. Rg1 Qh7 32. e4 Qh6+ 33. Kb1 Rh2 0-1

[Event "Africa-chT rapid"]
[Site "Casablanca"]
[Date "2019.08.24"]
[Round "1.6"]
[White "Rita, Jeorciley"]
[Black "Aderito, Pedro"]
[Result "0-1"]
[WhiteElo "1920"]
[BlackElo "2301"]
[PlyCount "64"]
[EventDate "2019.08.24"]
[EventType "team-swiss (rapid)"]
[EventRounds "9"]
[EventCountry "MAR"]
[SourceTitle "EXT 2020"]
[Source "ChessBase"]
[SourceDate "2019.10.17"]
[SourceVersion "1"]
[SourceVersionDate "2019.10.17"]
[SourceQuality "1"]
[WhiteTeam "Sao Tome and Principe"]
[BlackTeam "Angola"]
[WhiteTeamCountry "SAO"]
[BlackTeamCountry "ANG"]

1. d4 Nf6 2. Nf3 g6 3. Bg5 Bg7 4. e3 c5 5. c3 0-0 6. Bd3 d5 7. Nbd2 b6 8. 0-0 Bb7 9. Ne5 Ne8 10. Ng4 f6 11. Bh6 Bxh6 12. Nxh6+ Kg7 13. Nf5+ gxf5 14. Bxf5 Nd6 15. Qg4+ Kh8 16. Be6 f5 17. Qf3 Ne4 18. Nxe4 dxe4 19. Qh3 Bc8 20. Bc4 cxd4 21. cxd4 Qd6 22. Qh5 Ba6 23. Bb3 Bxf1 24. Rxf1 Nd7 25. f3 Qg6 26. Qh4 Nf6 27. Qf4 Nh5 28. Qe5+ Qg7 29. Qe6 Qg5 30. Kf2 f4 31. Bd5 fxe3+ 32. Ke2 Nf4+ 0-1

[Event "Pomar Memorial op"]
[Site "Palma de Mallorca"]
[Date "2018.11.29"]
[Round "4"]
[White "Aderito, Pedro"]
[Black "Rodriguez Sanchez, Rafael"]
[Result "1-0"]
[WhiteElo "2262"]
[BlackElo "1847"]
[PlyCount "117"]
[EventDate "2018.11.26"]
[EventType "swiss"]
[EventRounds "7"]
[EventCountry "ESP"]
[SourceTitle "EXT 2020"]
[Source "ChessBase"]
[SourceDate "2019.10.17"]
[SourceVersion "1"]
[SourceVersionDate "2019.10.17"]
[SourceQuality "1"]

1. e4 c5 2. Nf3 g6 3. Bc4 Bg7 4. 0-0 Nf6 5. e5 Ng4 6. d4 d5 7. Bb5+ Nc6 8. h3 Nh6 9. dxc5 0-0 10. Nc3 Be6 11. Bxc6 bxc6 12. a3 Qc7 13. Re1 Rfb8 14. Rb1 Bc8 15. Bf4 e6 16. g4 Kh8 17. Qd2 Ng8 18. b4 Ba6 19. Nd4 Bc4 20. Kg2 a5 21. h4 h6 22. Bg3 axb4 23. axb4 Rb7 24. Nd1 Ra3 25. Ne3 Ba6 26. f4 Qd7 27. c3 Ne7 28. h5 Ra7 29. hxg6 fxg6 30. Rh1 Bc4 31. Rb2 Ra1 32. Rxa1 Rxa1 33. Ndc2 Ra7 34. Nxc4 dxc4 35. Qxd7 Rxd7 36. Nd4 Nd5 37. Nxc6 Nxc3 38. Rc2 Nd5 39. Kf3 Nc7 40. Rxc4 Rd3+ 41. Kg2 Rb3 42. Nd4 Rb2+ 43. Kf3 Kg8 44. f5 Kf7 45. fxg6+ Kxg6 46. b5 Nxb5 47. Nxe6 Rb3+ 48. Kg2 Rxg3+ 49. Kxg3 Bxe5+ 50. Kf3 Kf6 51. Rb4 Nc3 52. Nd8 Bc7 53. Rd4 Ke7 54. Nc6+ Ke6 55. Nb4 Nb5 56. Rd3 Be5 57. Nc6 Bf6 58. Ke4 Nc3+ 59. Kf3 1-0

[Event "Pomar Memorial op"]
[Site "Palma de Mallorca"]
[Date "2018.11.26"]
[Round "1"]
[White "Ramon Sanchez Campins, Pedro"]
[Black "Aderito, Pedro"]
[Result "0-1"]
[WhiteElo "1744"]
[BlackElo "2262"]
[PlyCount "68"]
[EventDate "2018.11.26"]
[EventType "swiss"]
[EventRounds "7"]
[EventCountry "ESP"]
[SourceTitle "EXT 2020"]
[Source "ChessBase"]
[SourceDate "2019.10.17"]
[SourceVersion "1"]
[SourceVersionDate "2019.10.17"]
[SourceQuality "1"]

1. d4 d6 2. Nf3 g6 3. g3 Bg7 4. Bg2 Nd7 5. b3 e5 6. Bb2 e4 7. Nfd2 d5 8. e3 Ne7 9. 0-0 0-0 10. c4 c6 11. Nc3 Nf6 12. cxd5 cxd5 13. Rc1 Bg4 14. Qc2 Rc8 15. Qb1 Nc6 16. h3 Bf5 17. Na4 h5 18. Ba3 Re8 19. Nc5 Qb6 20. Rfd1 Nd8 21. Ncxe4 dxe4 22. Rxc8 Bxc8 23. Nc4 Qa6 24. Qc1 Bd7 25. Nd6 Re6 26. Bf1 Qb6 27. Bc5 Qc7 28. Nb5 Bxb5 29. Bxb5 a6 30. Bc4 Re8 31. Ba3 Qd7 32. Kh2 Ne6 33. d5 Ng5 34. d6 Qxh3+ 0-1

[Event "Africa-ch"]
[Site "Livingstone"]
[Date "2018.05.18"]
[Round "7"]
[White "Aderito, Pedro"]
[Black "Beukes, Dante M"]
[Result "1/2-1/2"]
[WhiteElo "2305"]
[BlackElo "1979"]
[PlyCount "57"]
[EventDate "2018.05.13"]
[EventType "swiss"]
[EventRounds "9"]
[EventCountry "ZAM"]
[SourceTitle "CBM 184 Extra"]
[Source "ChessBase"]
[SourceDate "2018.06.28"]
[SourceVersion "1"]
[SourceVersionDate "2018.06.28"]
[SourceQuality "1"]

1. d4 Nf6 2. c4 g6 3. Nc3 Bg7 4. Nf3 0-0 5. e4 d6 6. Be2 e5 7. 0-0 Nc6 8. d5 Ne7 9. b4 a5 10. Ba3 axb4 11. Bxb4 b6 12. a4 Re8 13. a5 c5 14. dxc6 Nxc6 15. Bxd6 Rxa5 16. Rxa5 Nxa5 17. Bxe5 Qxd1 18. Rxd1 Nxe4 19. Nxe4 Bxe5 20. Nxe5 Rxe5 21. Rd8+ Kg7 22. Rxc8 Rxe4 23. Kf1 Nb3 24. f3 Re6 25. Kf2 Nc1 26. Bf1 Nb3 27. Be2 Nc1 28. Bf1 Nb3 29. Be2 1/2-1/2

[Event "Africa-ch"]
[Site "Livingstone"]
[Date "2018.05.18"]
[Round "6"]
[White "Chumfwa, Kelvin"]
[Black "Aderito, Pedro"]
[Result "0-1"]
[WhiteElo "2279"]
[BlackElo "2305"]
[PlyCount "121"]
[EventDate "2018.05.13"]
[EventType "swiss"]
[EventRounds "9"]
[EventCountry "ZAM"]
[SourceTitle "CBM 184 Extra"]
[Source "ChessBase"]
[SourceDate "2018.06.28"]
[SourceVersion "1"]
[SourceVersionDate "2018.06.28"]
[SourceQuality "1"]

1. d4 Nf6 2. Nf3 g6 3. g3 Bg7 4. Bg2 0-0 5. 0-0 d6 6. c4 a6 7. Nc3 Nc6 8. b3 Re8 9. Bb2 Bd7 10. Re1 h6 11. Rc1 e5 12. d5 Ne7 13. e4 Rf8 14. c5 Ne8 15. b4 f5 16. exf5 Nxf5 17. Ne4 Nf6 18. Nfd2 a5 19. Nxf6+ Bxf6 20. a3 axb4 21. axb4 Bg7 22. Ne4 h5 23. Qb3 Bb5 24. Ra1 Rxa1 25. Rxa1 h4 26. Ra7 Qb8 27. Ra5 Be2 28. Ng5 b6 29. cxb6 Qxb6 30. Ne6 hxg3 31. hxg3 Rb8 32. Ra4 Bf6 33. Be4 Bg4 34. Kg2 Ne7 35. Bc1 Qb7 36. Ng5 Bd7 37. Ra2 Nf5 38. f3 Qxb4 39. Qc2 Qb3 40. Qf2 Qd1 41. Qc2 Qxc2+ 42. Rxc2 Rc8 43. g4 Ne7 44. Nh3 c6 45. dxc6 Bxc6 46. Ba3 Bxe4 47. Rxc8+ Nxc8 48. fxe4 Be7 49. Nf2 Kf7 50. Nd1 Nb6 51. Nc3 Ke6 52. Bc1 Bh4 53. Be3 Be1 54. Nb5 Nc4 55. Nc7+ Kd7 56. Nd5 Bd2 57. Nb6+ Nxb6 58. Bxb6 Ke6 59. Ba7 Bb4 60. Be3 Bc5 61. Bc1 0-1

[Event "Livingstone FIDE zt 4.3"]
[Site "Livingstone"]
[Date "2017.06.12"]
[Round "4"]
[White "Aderito, Pedro"]
[Black "Simutowe, Musatwe"]
[Result "0-1"]
[WhiteElo "2310"]
[BlackElo "2157"]
[PlyCount "102"]
[EventDate "2017.06.10"]
[EventType "swiss"]
[EventRounds "9"]
[EventCountry "ZAM"]
[SourceTitle "EXT 2020"]
[Source "ChessBase"]
[SourceDate "2019.10.17"]
[SourceVersion "1"]
[SourceVersionDate "2019.10.17"]
[SourceQuality "1"]

1. e4 c6 2. d4 d5 3. exd5 cxd5 4. Bd3 Nc6 5. c3 Nf6 6. h3 e5 7. dxe5 Nxe5 8. Bb5+ Bd7 9. Bxd7+ Qxd7 10. Ne2 Bc5 11. 0-0 0-0 12. Nd2 Bb6 13. Ng3 Rfe8 14. Nf3 h6 15. Nxe5 Rxe5 16. Bf4 Re6 17. Qf3 Qb5 18. Nf5 Qe2 19. Rad1 Qxf3 20. gxf3 Re2 21. Bc1 Rae8 22. Ne3 Bxe3 23. fxe3 Rc8 24. Rf2 Rxf2 25. Kxf2 Kf8 26. Rd4 Ke7 27. Ra4 a6 28. Rb4 Rc7 29. Ke2 Kd7 30. Rb6 Kc8 31. Kd3 Nd7 32. Rd6 Ne5+ 33. Ke2 Rd7 34. Rb6 Nc6 35. a4 Rd6 36. Kf2 Kc7 37. Rb3 Ne5 38. Bd2 Rf6 39. f4 Nc4 40. Bc1 Kc6 41. Rb4 b5 42. b3 Nd6 43. Kf3 Rg6 44. axb5+ axb5 45. Rd4 Rg1 46. Bd2 Nf5 47. Rb4 Nd6 48. Rd4 f5 49. Ke2 Rb1 50. Rb4 Ne4 51. Be1 Kc5 0-1

[Event "Livingstone FIDE zt 4.3"]
[Site "Livingstone"]
[Date "2017.06.11"]
[Round "3"]
[White "Alberto, Manuel"]
[Black "Aderito, Pedro"]
[Result "0-1"]
[WhiteElo "2157"]
[BlackElo "2310"]
[PlyCount "123"]
[EventDate "2017.06.10"]
[EventType "swiss"]
[EventRounds "9"]
[EventCountry "ZAM"]
[SourceTitle "EXT 2020"]
[Source "ChessBase"]
[SourceDate "2019.10.17"]
[SourceVersion "1"]
[SourceVersionDate "2019.10.17"]
[SourceQuality "1"]

1. e4 c5 2. Nf3 a6 3. d4 cxd4 4. Nxd4 Nf6 5. Bd3 d6 6. Bg5 e5 7. Nf3 Be6 8. Nbd2 Nbd7 9. 0-0 h6 10. Be3 Ng4 11. Qe2 Rc8 12. Rfc1 Nxe3 13. Qxe3 Be7 14. b4 0-0 15. c4 Rc6 16. Nb3 Qb8 17. Rc2 Rfc8 18. Rac1 Bd8 19. Qe2 g6 20. h3 Qa7 21. Qe1 Kh7 22. Kh2 b6 23. Qe2 a5 24. b5 R6c7 25. a4 Be7 26. h4 Nf6 27. g3 Rh8 28. Kg2 Nh5 29. Qe3 Qb8 30. Rh1 Rhc8 31. Rhc1 Qb7 32. Kg1 Nf6 33. Qe2 Rb8 34. Nbd2 Qc8 35. Nf1 Nd7 36. Ne3 Nc5 37. Nd5 Nxa4 38. Nxc7 Qxc7 39. Qe3 Nc5 40. Bf1 Rf8 41. Re1 f5 42. exf5 gxf5 43. Bg2 Rg8 44. Kh2 Bf6 45. Bh3 Qg7 46. Ng1 Qg6 47. Qf3 e4 48. h5 Qg5 49. Qf4 Be5 50. Qxg5 Rxg5 51. Re3 f4 52. Ra3 e3 53. gxf4 Bxf4+ 54. Kh1 Rxg1+ 55. Kxg1 Bxh3 56. fxe3 Be5 57. Rf2 Kg7 58. e4 Be6 59. Rg2+ Kh7 60. Rf3 Nxe4 61. Rg6 Nc5 62. Rf8 0-1

[Event "Livingstone FIDE zt 4.3"]
[Site "Livingstone"]
[Date "2017.06.10"]
[Round "1"]
[White "Mulenga, Prince Daniel"]
[Black "Aderito, Pedro"]
[Result "0-1"]
[WhiteElo "2110"]
[BlackElo "2310"]
[PlyCount "57"]
[EventDate "2017.06.10"]
[EventType "swiss"]
[EventRounds "9"]
[EventCountry "ZAM"]
[SourceTitle "EXT 2020"]
[Source "ChessBase"]
[SourceDate "2019.10.17"]
[SourceVersion "1"]
[SourceVersionDate "2019.10.17"]
[SourceQuality "1"]

1. d4 g6 2. c4 Bg7 3. Nf3 d6 4. Nc3 Nf6 5. Bg5 h6 6. Bh4 g5 7. Bg3 Nh5 8. e3 Nd7 9. Qc2 c5 10. Rd1 Qa5 11. Be2 a6 12. 0-0 Nxg3 13. fxg3 Nf6 14. Kh1 Bd7 15. Nd2 0-0 16. Nb3 Qc7 17. Qd2 Be6 18. Rc1 b6 19. Bd3 Rab8 20. d5 Bd7 21. h3 b5 22. Ne2 e6 23. dxe6 fxe6 24. Qa5 Qb7 25. Kh2 Bc6 26. Rg1 b4 27. Nd2 Nd7 28. b3 Ne5 29. Bc2 0-1

[Event "Olympiad-42"]
[Site "Baku"]
[Date "2016.09.10"]
[Round "8.1"]
[White "Aderito, Pedro"]
[Black "Mdoe, Yusuf"]
[Result "1-0"]
[WhiteElo "2315"]
[BlackElo "1758"]
[PlyCount "90"]
[EventDate "2016.09.02"]
[EventType "team-swiss"]
[EventRounds "11"]
[EventCountry "AZE"]
[SourceTitle "CBM 175"]
[Source "ChessBase"]
[SourceDate "2016.11.10"]
[SourceVersion "1"]
[SourceVersionDate "2016.11.10"]
[SourceQuality "1"]
[WhiteTeam "Angola"]
[BlackTeam "Tanzania"]
[WhiteTeamCountry "ANG"]
[BlackTeamCountry "TAN"]

1. e4 e6 2. d4 d5 3. e5 c5 4. Qg4 cxd4 5. Nf3 Nc6 6. Bd3 Qc7 7. Bf4 Nge7 8. 0-0 Ng6 9. Bxg6 hxg6 10. Nbd2 b6 11. Nb3 Ba6 12. Rfe1 Bb4 13. Rec1 Bc5 14. Qg3 Bc4 15. a3 a5 16. Nbd2 Ne7 17. Nh4 Nc6 18. Re1 Ba6 19. Ndf3 b5 20. Ng5 0-0-0 21. Bd2 Rh5 22. Nhf3 Qe7 23. h4 Rdh8 24. Qf4 f6 25. exf6 gxf6 26. Nxe6 Bd6 27. Qg4 f5 28. Qxg6 Rxh4 29. g3 R4h5 30. Ng7 Ne5 31. Rxe5 Rh1+ 32. Kg2 R1h2+ 33. Nxh2 Bxe5 34. Qxa6+ Kb8 35. Qxb5+ Qb7 36. Qxb7+ Kxb7 37. Nxf5 Rc8 38. Nf3 Rxc2 39. Bxa5 Bf6 40. b4 d3 41. Rd1 Rc3 42. b5 Rxa3 43. Nd6+ Kb8 44. Rc1 Rxa5 45. b6 Be7 1-0